Statistics for FGC Barcelona-Vallès Line (estations)

Click here to take the quiz!

General Stats

  • This quiz has been taken 11 times
  • The average score is 28 of 36

Answer Stats

Answer% Correct
Can Feu | Gràcia
100%
Gràcia
100%
Muntaner
100%
Provença
100%
Sant Cugat
100%
Sant Gervasi | Plaça Molina
100%
Sarrià
100%
Terrassa Nacions Unides
100%
Valldoreix
100%
La Bonanova
88%
Les Tres Torres
88%
Reina Elisenda
88%
Rubí
88%
Terrassa Rambla
88%
Universitat Autònoma
88%
Av. Tibidabo
75%
Bellaterra
75%
Hospital General
75%
La floresta
75%
Pàdua
75%
Peu del Funicular
75%
Sant Quirze
75%
La Creu Alta
63%
Les Fonts
63%
Les Planes
63%
Mira-sol
63%
Sabadell Parc del Nord
63%
Sabadell Plaça Major
63%
Sant Joan
63%
Terrassa Estació del Nord
63%
Vallparadís Universitat
63%
Volpelleres
63%
El Putxet
50%
Plaça Catalunya
50%
Sabadell Nord
50%
Baixador de Vallvidrera
25%

Score Distribution

Percentile by Number Answered

Percent of People with Each Score

Your Score History

You have not taken this quiz